| 000 | 00838nam a2200181 a 4500 | ||
|---|---|---|---|
| 001 | 48966 | ||
| 005 | 20180714033452.0 | ||
| 008 | 140415d 000 0 eng d | ||
| 020 | _a0130609072 | ||
| 041 | _aeng | ||
| 082 |
_a629.8 _bOGA |
||
| 100 | 1 | _aOgata, Katsuhiko. | |
| 245 | 1 | 0 | _aMODERN CONTROL ENGINEERING |
| 250 | _a4ed. | ||
| 260 |
_a[s.l.] : _bPRENTICE-HALL, INC., _c[s.f.] |
||
| 300 |
_a619 _c20.8 x 3.7 x 24.2 |
||
| 520 | _aESTE LIBRO PRESENA UN TRATAMIENTO COMPRENSIVO DE EL ANALISIS Y DISEÑO DE SISTEMAS DE CONTROL . ESTA ESCRITO EN UN NIVEL DE ESTUDIANTES INGENIEROS DE ULTIMO AÑO Y ESTE TEXTO FUE CREADO PARA USARSE EN EL PRIMER CURSO DE SISTEMAS DE CONTROL. EL PRE- REQUISITO ES UN CURSO INTRODUCTORIO SOBRE ESCUACIONES DIFERENCIALES, ANALISIS DE MATRIZ VECTOR, ANALISIS DE CIRCUITOS Y MECANICOS. | ||
| 999 |
_c48966 _d48966 |
||